Ideas for training managers and supervisors : useful suggestions, activities and instruments

Bibliographic Details
Main Author: Suessmuth, Patrick (Author)
Format: Book
Language:English
Published: La Jolla, Calif : University Associates Inc 1978
Subjects:

MARC

LEADER 00000cam a2200000 7i4500
001 0000002171
005 20240925.0
008 991127 cau a eng
020 |a 0883901439 
040 |a INS   |b eng   |e rda 
090 0 0 |a HF5549.5.T7   |b S8 1978 
100 1 |a Suessmuth, Patrick ,   |e author 
245 1 0 |a Ideas for training managers and supervisors :   |b useful suggestions, activities and instruments   |c Patrick Suessmuth 
264 1 |a La Jolla, Calif :   |b University Associates Inc   |c 1978 
300 |a vi, 328 pages :   |b illustrations ;   |c 23 cm. 
336 |a text  |2 rdacontent 
337 |a unmediated  |2 rdamedia 
338 |a volume  |2 rdacarrier 
650 0 0 |a Executive   |x Training of 
999 |a 0000000659   |b BOOK   |c Open Shelf   |e Default branch